Estudio de pre factibilidad para la implementación de estación de servicios de lavado de automotores denomina Dayaka Express, en la ciudad de Juigalpa, Chontales, periodo2020-2024
Realiza un estudio de pre factibilidad en implementación de una estación de servicios de lavado de automotores, determina la demanda, oferta, precio y comercialización a través de un estudio de mercado, del servicio de lavado, define los requerimientos materiales del proyecto de lavado, de acuer...
| Main Authors: | , , |
|---|---|
| Other Authors: | |
| Format: | Tesis Section = Libro |
| Language: | Undetermined Spanish |
| Published: |
Managua
UNI
2020
|
| Subjects: |
| LEADER | 01398nam a2200277Ia 4500 | ||
|---|---|---|---|
| 008 | 240830s9999 xx 000 0 und d | ||
| 040 | |a BIBLIOTECA-RUPAP Mon 658.11 M385 | ||
| 041 | |a spa | ||
| 082 | |a Mon 658.11 M385 | ||
| 100 | 1 | |a Martínez Mairena, Karla Yachsielly | |
| 100 | 1 | |b Almanza Salinas, Yanis Anioska | |
| 100 | 1 | |c Murillo Valerio, Dannys Isidro I | |
| 245 | 1 | 0 | |a Estudio de pre factibilidad para la implementación de estación de servicios de lavado de automotores denomina Dayaka Express, en la ciudad de Juigalpa, Chontales, periodo2020-2024 |
| 260 | |a Managua |b UNI |c 2020 | ||
| 300 | |a 138 p. :il. | ||
| 500 | |a Contienen anexos y CD. | ||
| 502 | |a Tesis (Ingeniero de Sistemas)- UNI, 2020. | ||
| 520 | 3 | |a Realiza un estudio de pre factibilidad en implementación de una estación de servicios de lavado de automotores, determina la demanda, oferta, precio y comercialización a través de un estudio de mercado, del servicio de lavado, define los requerimientos materiales del proyecto de lavado, de acuerdo a un estudio técnico, evalúa la rentabilidad de la estación mediante el estudio financiero del proyecto. | |
| 650 | 7 | |a NUEVOS NEGOCIOS | |
| 650 | 7 | |b ESTUDIOS DE FACTIBILIDAD | |
| 650 | 7 | |c ESTUDIOS DE MERCADO | |
| 650 | 7 | |d EVALUACION FINANCIERA | |
| 700 | 1 | |a Tutor: |b Laguna Lumbi, Leonarda del Carmen | |
| 942 | |c BK |2 ddc | ||
| 991 | |a TESIS | ||
| 999 | |c 16950 | ||